APEC Schools

Remember the Alamo / (Record no. 2431)

000 -LEADER
fixed length control field 00744cam a22002533a 4500
005 - DATE AND TIME OF LATEST TRANSACTION
control field 20180416071842.0
008 - FIXED-LENGTH DATA ELEMENTS--GENERAL INFORMATION
fixed length control field 080629s2008||||xxu|||||s|||||000 1 eng d
040 ## - CATALOGING SOURCE
Transcribing Agency APEC Schools Library
Description Conventions rda
041 ## - LANGUAGE CODE
Language code of text/sound track or separate title eng
100 1# - CREATOR
Preferred Name of the Person Barr, Amelia E.,
Dates Associated with the Person 1831-1919
245 10 - TITLE AND STATEMENT OF RESPONSIBILITY
Preferred Title Proper Remember the Alamo /
Statement of Responsibility/Parallel Statement of Responsibility Amelia E. Barr
336 ## - RDA CONTENT
Source rdacontent
Content Type text
337 ## - RDA MEDIA
Source rdamedia
Media Type computer
338 ## - RDA CARRIER
Source rdacarrier
Carrier Type online resource
506 ## - RESTRICTIONS ON ACCESS NOTE
Restriction on Access Note Public domain in the USA.
516 ## - TYPE OF COMPUTER FILE OR DATA NOTE
Type of computer file or data note Text
653 ## - INDEX TERM--UNCONTROLLED
Uncontrolled term Western stories
653 ## - INDEX TERM--UNCONTROLLED
Uncontrolled term War stories
653 ## - INDEX TERM--UNCONTROLLED
Uncontrolled term Texas -- History -- Revolution, 1835-1836 -- Fiction
653 ## - INDEX TERM--UNCONTROLLED
Uncontrolled term Alamo (San Antonio, Tex.) -- Siege, 1836 -- Fiction
655 ## - GENRE
Genre/form data or focus term electronic books
856 40 - ELECTRONIC LOCATION AND ACCESS
Uniform Resource Identifier https://goo.gl/YceQzb
942 ## - ADDED ENTRY ELEMENTS (KOHA)
Source of Classification
Koha Item Type E-book/Online Resources
Holdings
Status Library Full Classification Number Uniform Resource Identifier Koha Item Type
Available Online APEC Chain of Schools Library APEC Chain https://goo.gl/YceQzb E-book/Online Resources

Powered by Koha